Statistics for Which City in England?

Click here to take the quiz!

General Stats

  • This quiz has been taken 745 times
  • The average score is 9 of 15

Answer Stats

QuestionAnswer% Correct
The Beatles were formed in which city?Liverpool
99%
In which city is Lea & Perrins sauce manufactured?Worcester
88%
What is the earliest known name of London, dating back to the first century AD?Londinium
87%
In which city is Aston Villa football club based?Birmingham
85%
Where were Prince Harry and Meghan Markle married in 2018?Windsor
76%
Where is the University of East Anglia based?Norwich
70%
Which industrial city was heavily bombed on 14-15 November 1941 by the Luftwaffe?Coventry
67%
Which of these towns in Cornwall is furthest to the west?Penzance
63%
Where did the eastern end Hadrian's Wall meet the sea?Newcastle
59%
Which city lies just off the coast of Great Britain, on Portsea Island?Portsmouth
58%
Which the only English city that touches its border with Wales?Chester
46%
The Queen is also Duke of where?Lancaster
43%
Which city has never hosted an international cricket match?Canterbury
41%
Which city is furthest from London?Plymouth
36%
Where was Queen Elizabeth II born?London
27%

Score Distribution

Percentile by Number Answered

Percent of People with Each Score

Your Score History

You have not taken this quiz